00325pab a2200121 454500008004000000100001800040245005900058260000900117300001300126362001000139650002000149773003400169180718b2014 xxu||||| |||| 00| 0 eng d aNachane, D.M. aFlawed cartography? A new road map for monetary policy c2014 ap.24-26. a1 Mar aMonetary policy aEconomic and Political Weekly